| 000 | 00635nam a22001937a 4500 | ||
|---|---|---|---|
| 999 |
_c15183 _d15183 |
||
| 003 | OSt | ||
| 082 | _2631.75807 RAJ/RA | ||
| 088 | _aP 163 | ||
| 100 |
_aRAJI P _93376 |
||
| 100 |
_aUMA _93378 |
||
| 245 | _aRainfall - roundoff analysis of a compacted area | ||
| 260 |
_aTavanur 2006 _bKelappaji College of Agricultural Engineering and Technology |
||
| 300 | _a76 | ||
| 500 | _aRainfall - roundoff analysis of a compacted area | ||
| 520 | _aRainfall - roundoff analysis of a compacted area | ||
| 700 |
_aEr. Shyla Joseph (Guide) _93377 |
||
| 856 | _uhttps://drive.google.com/open?id=1QuL2_90b_xjof8YoXi6MYTD4eL5S_rvT | ||
| 942 | _cPR | ||